[Event "Accelerated dragon assault!"]
[Site "SchemingMind.com"]
[Date "2008.02.25"]
[Round "-"]
[White "TRFz"]
[Black "keen"]
[Result "1-0"]
[WhiteCountry "GBR"]
[BlackCountry "SCO"]
[WhiteElo "2049"]
[WhiteRD "54"]
[BlackElo "1708"]
[BlackRD "61"]
[GameID "143502"]

1. e4 c5 2. Nf3 Nc6 3. d4 cxd4 4. Nxd4 g6 5. Nc3 Bg7 6. Be3 a6 7. f3 Nf6 8. Qd2 O-O 9. Bc4 b5 10. Bb3 Bb7
11. O-O-O Qc7 12. g4 Rac8 13. Kb1 Ne5 14. h4 Rfd8 15. h5 b4 16. Nce2 a5 17. Bh6 d5 18. Bxg7 Kxg7 19. hxg6
1-0

[Event "Accelerated dragon assault!"]
[Site "SchemingMind.com"]
[Date "2008.02.26"]
[Round "-"]
[White "keen"]
[Black "TRFz"]
[Result "0-1"]
[WhiteCountry "SCO"]
[BlackCountry "GBR"]
[WhiteElo "1708"]
[WhiteRD "61"]
[BlackElo "2049"]
[BlackRD "54"]
[GameID "143503"]

1. e4 c5 2. Nf3 Nc6 3. d4 cxd4 4. Nxd4 g6 5. Nc3 Bg7 6. Be3 Nf6 7. Qd2 Ng4 8. Nxc6 dxc6 9. Bf4 Qxd2+ 10. Bxd2 Bd4
11. Be3 Nxe3 12. fxe3 Bxe3 13. Be2 O-O 14. Rd1 Be6 15. Rd3 Bb6 16. Rf1 Rad8 17. Kd2 Bc4 18. Rxd8 Rxd8+ 19. Bd3 Kg7 20. Rf3 Bc7
21. Ke2 Be6 22. a3 Bg4 23. h3 Bxf3+ 24. gxf3 Be5 25. Nd1 Kf6 26. Ne3 Bxb2 27. Nc4 Bd4 28. f4 Kg7 29. Nd2 b5 30. Nf3 Bb2
0-1

[Event "Accelerated dragon assault!"]
[Site "SchemingMind.com"]
[Date "2008.02.28"]
[Round "-"]
[White "Clive Everill"]
[Black "keen"]
[Result "0-1"]
[WhiteCountry "CZE"]
[BlackCountry "SCO"]
[WhiteElo "1680"]
[WhiteRD "52"]
[BlackElo "1708"]
[BlackRD "61"]
[GameID "143977"]

1. e4 c5 2. Nf3 Nc6 3. d4 cxd4 4. Nxd4 g6 5. c4 Bg7 6. Be3 e6 7. Be2 Nf6 8. f3 O-O 9. O-O a6 10. Nc3 Re8
11. f4 d6 12. Nf3 d5 13. e5 Nd7 14. cxd5 exd5 15. Nxd5 h6 16. Rc1 Nf8 17. Nb6 Rb8 18. Nxc8 Rxc8 19. Qb3 Re7 20. Rfd1 Qe8
21. Bc5 Rec7 22. Bd6 Na5 23. Qa3 Rxc1 24. Rxc1 Rxc1+ 25. Kf2 Nc4 26. Bxc4 Rxc4 27. Kg3 Qc8 28. Nd2 Rc6 29. Nb3 Ne6 30. Na5 Rc2
31. Qb3 b5 32. a4 Nxf4 33. Kxf4 Qf5+ 34. Ke3 Qf2+ 35. Kd3 Rd2+ 36. Ke4 Rd4#
0-1

[Event "Accelerated dragon assault!"]
[Site "SchemingMind.com"]
[Date "2008.02.28"]
[Round "-"]
[White "Clive Everill"]
[Black "TRFz"]
[Result "0-1"]
[WhiteCountry "CZE"]
[BlackCountry "GBR"]
[WhiteElo "1680"]
[WhiteRD "52"]
[BlackElo "2049"]
[BlackRD "54"]
[GameID "143978"]

1. e4 c5 2. Nf3 Nc6 3. d4 cxd4 4. Nxd4 g6 5. Nc3 Bg7 6. Be3 Nf6 7. Bc4 O-O 8. h4 h5 9. Qd2 Ng4 10. Nxc6 dxc6
11. Rd1 Qxd2+ 12. Bxd2 b5 13. Bb3 a5 14. a3 a4 15. Ba2 Rd8 16. O-O Ba6 17. Rfe1 Bd4 18. Be3 Nxe3 19. fxe3 Be5 20. Kf2 Rd6
21. Rxd6 exd6 22. Kf3 Bc8 23. Kf2 Bg4 24. Rf1 Rb8 25. Kg1 Rb7 26. Rb1 Bg3 27. b4 Bxh4 28. e5 d5 29. e4 d4 30. Nd1 Re7
31. c4 Rxe5 32. cxb5 cxb5 33. Nf2 Bxf2+ 34. Kxf2 Rxe4 35. Rc1 Re2+
0-1

[Event "Accelerated dragon assault!"]
[Site "SchemingMind.com"]
[Date "2008.02.28"]
[Round "-"]
[White "keen"]
[Black "Clive Everill"]
[Result "0-1"]
[WhiteCountry "SCO"]
[BlackCountry "CZE"]
[WhiteElo "1708"]
[WhiteRD "61"]
[BlackElo "1680"]
[BlackRD "52"]
[GameID "143979"]

1. e4 c5 2. Nf3 Nc6 3. d4 cxd4 4. Nxd4 g6 5. Nc3 Bg7 6. Be3 Nf6 7. f4 e6 8. Be2 d5 9. Bf3 O-O 10. Qd2 dxe4
11. Be2 Nd5 12. Nxc6 bxc6 13. O-O Nxc3 14. bxc3 Qa5 15. Bd4 Bb7 16. Bxg7 Kxg7 17. Qd4+ Kg8 18. Qxe4 Qxc3 19. Bf3 Rfd8 20. Rab1 Rab8
21. Rb3 Qc5+ 22. Kh1 Rd2 23. Qe5 Qxe5 24. fxe5 Rdd8 25. Rfb1 Rd7 26. h3 a5 27. Bxc6 Bxc6 28. Rxb8+ Kg7 29. Rc8 Bd5 30. a3 Be4
31. Rbb8 Rd2 32. c4 Rxg2
0-1

[Event "Accelerated dragon assault!"]
[Site "SchemingMind.com"]
[Date "2008.02.29"]
[Round "-"]
[White "TRFz"]
[Black "Clive Everill"]
[Result "1-0"]
[WhiteCountry "GBR"]
[BlackCountry "CZE"]
[WhiteElo "2049"]
[WhiteRD "54"]
[BlackElo "1680"]
[BlackRD "52"]
[GameID "143980"]

1. e4 c5 2. Nf3 Nc6 3. d4 cxd4 4. Nxd4 g6 5. Nc3 Bg7 6. Be3 d6 7. Bc4 Nf6 8. f3 Ne5 9. Bb3 a6 10. Qd2 b5
11. O-O-O Bd7 12. g4 O-O 13. Bh6 b4 14. Nd5 Nxd5 15. Bxd5 Rb8 16. h4 Qa5 17. Bxg7 Kxg7 18. h5 Rh8 19. hxg6 hxg6 20. Nf5+ Bxf5
21. gxf5 Nxf3 22. Qf4 Ne5 23. Rdg1 Rbc8 24. Kb1 Qc5 25. Bb3 Qd4 26. fxg6 f6 27. Qf1 Qxe4 28. Rh7+ Rxh7 29. gxh7+ Ng6 30. Qh3 Qd4
31. Qg2 f5 32. Qxg6+ Kh8 33. Qg8+
1-0

[Event "Accelerated dragon assault!"]
[Site "SchemingMind.com"]
[Date "2008.02.28"]
[Round "-"]
[White "SLAINTIE MHATH"]
[Black "keen"]
[Result "1-0"]
[WhiteCountry "POL"]
[BlackCountry "SCO"]
[WhiteElo "1591"]
[WhiteRD "45"]
[BlackElo "1708"]
[BlackRD "61"]
[GameID "144004"]

1. e4 c5 2. Nf3 Nc6 3. d4 cxd4 4. Nxd4 g6 5. Bc4 Bg7 6. Qf3 e6 7. Nxc6 bxc6 8. c3 Nf6 9. Bg5 Qb6 10. O-O Nh5
11. g4 Qxb2 12. Nd2 Qxc3 13. gxh5 Qe5 14. Bf4 Qxh5 15. Qxh5 gxh5 16. Rad1 Bb7 17. Bd6 Rg8 18. Bg3 d5 19. exd5 cxd5 20. Bb5+ Ke7
21. Rc1 Be5 22. Nf3 Bxg3 23. fxg3 Kd6 24. Nd4 h4 25. Rxf7 hxg3 26. Rd7+
1-0

[Event "Accelerated dragon assault!"]
[Site "SchemingMind.com"]
[Date "2008.02.29"]
[Round "-"]
[White "SLAINTIE MHATH"]
[Black "Clive Everill"]
[Result "1/2-1/2"]
[WhiteCountry "POL"]
[BlackCountry "CZE"]
[WhiteElo "1591"]
[WhiteRD "45"]
[BlackElo "1680"]
[BlackRD "52"]
[GameID "144005"]

1. e4 c5 2. Nf3 Nc6 3. d4 cxd4 4. Nxd4 g6 5. Bc4 Bg7 6. Nxc6 bxc6 7. Qf3 e6 8. c3 Ne7 9. Bg5 O-O 10. Qe3 f6
11. Bh6 d5 12. Bxg7 Kxg7 13. Bd3 a5 14. O-O Ba6 15. Nd2 dxe4 16. Bxa6 Rxa6 17. Rad1 Qb8 18. b3 Nd5 19. Qe2 Ra7 20. Rc1 f5
21. g3 Nf6 22. h3 Nh5 23. Qc4 Nxg3 24. fxg3 Qxg3+ 25. Kh1 Qxh3+ 26. Kg1 Qe3+ 27. Rf2 Qg3+ 28. Kf1 e3 29. Qd4+ Kg8 30. Rg2 Qc7
31. Qxe3 e5 32. Nf3 e4 33. Ng5 Qe7 34. Kf2 f4 35. Qh3 e3+ 36. Kf3 c5 37. Nxh7 Qxh7 38. Qe6+ Kh8 39. Rxg6 Rg7 40. Rh6 Rg3+
41. Ke2 Rg2+ 42. Ke1 Rg1+ 43. Ke2 Rg2+ 44. Ke1 Rg1+=
1/2-1/2

[Event "Accelerated dragon assault!"]
[Site "SchemingMind.com"]
[Date "2008.02.28"]
[Round "-"]
[White "SLAINTIE MHATH"]
[Black "TRFz"]
[Result "0-1"]
[WhiteCountry "POL"]
[BlackCountry "GBR"]
[WhiteElo "1591"]
[WhiteRD "45"]
[BlackElo "2049"]
[BlackRD "54"]
[GameID "144006"]

1. e4 c5 2. Nf3 Nc6 3. d4 cxd4 4. Nxd4 g6 5. Bc4 Bg7 6. Qf3 Ne5 7. Qb3 Nxc4 8. Qxc4 Nf6 9. f3 O-O 10. O-O d6
11. Nc3 Bd7 12. f4 Qb6 13. b3 Rac8 14. Qd3 Rxc3 15. Qxc3 Nxe4 16. Qd3 Bxd4+ 17. Kh1 Bf5 18. Qe2 Bxa1 19. Be3 Bd4 20. Bxd4 Qxd4
21. h3 Ng3+
0-1

[Event "Accelerated dragon assault!"]
[Site "SchemingMind.com"]
[Date "2008.02.28"]
[Round "-"]
[White "keen"]
[Black "SLAINTIE MHATH"]
[Result "1-0"]
[WhiteCountry "SCO"]
[BlackCountry "POL"]
[WhiteElo "1708"]
[WhiteRD "61"]
[BlackElo "1591"]
[BlackRD "45"]
[GameID "144007"]

1. e4 c5 2. Nf3 Nc6 3. d4 cxd4 4. Nxd4 g6 5. Nc3 e5 6. Nb3 Bb4 7. Be2 b6 8. O-O Bxc3 9. bxc3 Bb7 10. Qd6 Rc8
11. Rd1 h6 12. Bc4 Qe7 13. Qd3 Nf6 14. Qf3 Na5 15. Nxa5 bxa5 16. Bb2 Bxe4 17. Qe2 O-O 18. a4 Rxc4 19. Qxc4 Bxc2 20. Re1 d5
21. Qe2 Be4 22. Qa6 Qd7 23. Qxf6 Bxg2 24. Rxe5 Qg4 25. Re3 Be4+ 26. Rg3 Qe2 27. c4
1-0

[Event "Accelerated dragon assault!"]
[Site "SchemingMind.com"]
[Date "2008.02.29"]
[Round "-"]
[White "Clive Everill"]
[Black "SLAINTIE MHATH"]
[Result "1-0"]
[WhiteCountry "CZE"]
[BlackCountry "POL"]
[WhiteElo "1680"]
[WhiteRD "52"]
[BlackElo "1591"]
[BlackRD "45"]
[GameID "144008"]

1. e4 c5 2. Nf3 Nc6 3. d4 cxd4 4. Nxd4 g6 5. Bb5 Bg7 6. Be3 Nf6 7. Nc3 d6 8. O-O Bd7 9. f4 O-O 10. Kh1 Bh6
11. Nxc6 bxc6 12. Bd3 Rb8 13. b3 Bg4 14. Qd2 Nh5 15. f5 Bxe3 16. Qxe3 e5 17. fxe6 fxe6 18. Qxa7 Nf6 19. h3 Bf5 20. exf5 gxf5
21. Rf3 Rf7 22. Rg3+ Kf8 23. Qe3 Qd7 24. Re1 Re8 25. Qh6+ Ke7 26. Rge3 Kd8 27. Ne2 e5 28. g3 e4 29. Ba6 Nd5 30. Qg5+ Kc7
31. Nc3 Nxe3 32. Qxe3 Ra8 33. Bc4 d5 34. Qf4+ Kb7 35. Be2 d4 36. Na4 Ra5 37. Rd1 Qd5 38. Kh2 Rxa4 39. bxa4 c5 40. Rb1+ Kc6
41. Bb5+
1-0

[Event "Accelerated dragon assault!"]
[Site "SchemingMind.com"]
[Date "2008.03.04"]
[Round "-"]
[White "BlueMooner"]
[Black "keen"]
[Result "1-0"]
[WhiteCountry "ENG"]
[BlackCountry "SCO"]
[WhiteElo "1850"]
[WhiteRD "86"]
[BlackElo "1820"]
[BlackRD "54"]
[GameID "144678"]

1. e4 c5 2. Nf3 Nc6 3. d4 cxd4 4. Nxd4 g6 5. c4 Bg7 6. Be3 Nf6 7. Nc3 O-O 8. Be2 d6 9. O-O a6 10. Qd2 Bd7
11. f3 Qc7 12. Rfd1 Rac8 13. Rac1 Ne5 14. b3 Nc6 15. Nd5 Nxd5 16. cxd5 Qa5 17. dxc6 Qxd2 18. Rxd2 Bxd4 19. Bxd4 Bxc6 20. Rdc2 e6
21. Bxa6 e5 22. Bb2 Ra8 23. Bc4 Rxa2 24. Bc3 Ra7 25. Rd2 b5 26. Bf1 Rd8 27. Bxe5
1-0

[Event "Accelerated dragon assault!"]
[Site "SchemingMind.com"]
[Date "2008.03.08"]
[Round "-"]
[White "BlueMooner"]
[Black "Clive Everill"]
[Result "1-0"]
[WhiteCountry "ENG"]
[BlackCountry "CZE"]
[WhiteElo "1850"]
[WhiteRD "86"]
[BlackElo "1684"]
[BlackRD "50"]
[GameID "144679"]

1. e4 c5 2. Nf3 Nc6 3. d4 cxd4 4. Nxd4 g6 5. c4 Bg7 6. Be3 Nf6 7. Nc3 Ng4 8. Qxg4 Bxd4 9. Bxd4 Nxd4 10. O-O-O e5
11. Qg3 d6 12. f4 f6 13. f5 Kf7 14. Nb5 Nxb5 15. cxb5 Qa5 16. Bc4+ Ke7 17. Qd3 Qc7 18. Qd5 Rf8 19. g4 a6 20. b6 Qxb6
21. Kb1 a5 22. Rhg1 a4 23. Qd2 a3 24. Bb3 axb2 25. Qh6 Bxf5 26. Qxh7+ Ke8 27. gxf5 g5 28. Be6 Qc6 29. Rg2 Qxe4+ 30. Rc2 Qa4
31. Rxd6 Rd8 32. Rxd8+ Kxd8 33. Rc8#
1-0

[Event "Accelerated dragon assault!"]
[Site "SchemingMind.com"]
[Date "2008.03.04"]
[Round "-"]
[White "BlueMooner"]
[Black "TRFz"]
[Result "0-1"]
[WhiteCountry "ENG"]
[BlackCountry "GBR"]
[WhiteElo "1856"]
[WhiteRD "77"]
[BlackElo "2167"]
[BlackRD "55"]
[GameID "144680"]

1. e4 c5 2. Nf3 Nc6 3. d4 cxd4 4. Nxd4 g6 5. c4 Nf6 6. Nc3 d6 7. Be2 Nxd4 8. Qxd4 Bg7 9. Bg5 O-O 10. Qe3 Be6
11. O-O Qa5 12. Rac1 Rfc8 13. b3 a6 14. f4 h6 15. Bh4 Bd7 16. Bf3 Rab8 17. Rfd1 b5 18. Nd5 Nxd5 19. exd5 bxc4 20. Qxe7 cxb3=
21. Qxd7 Rxc1 22. Rxc1 bxa2 23. Be1 a1=Q
0-1

[Event "Accelerated dragon assault!"]
[Site "SchemingMind.com"]
[Date "2008.03.04"]
[Round "-"]
[White "BlueMooner"]
[Black "SLAINTIE MHATH"]
[Result "1-0"]
[WhiteCountry "ENG"]
[BlackCountry "POL"]
[WhiteElo "1814"]
[WhiteRD "89"]
[BlackElo "1608"]
[BlackRD "49"]
[GameID "144681"]

1. e4 c5 2. Nf3 Nc6 3. d4 cxd4 4. Nxd4 g6 5. c4 d6 6. Nc3 Bg7 7. Be3 h6 8. Be2 e5 9. Ndb5 Bf8 10. Nd5 Be6
11. Nbc7+ Kd7 12. Nxa8 Qxa8 13. Qa4 Ne7 14. Nb6+ axb6 15. Qxa8 Kc7 16. Qa4 Nc8 17. O-O Be7 18. Rfc1 f5 19. exf5 gxf5 20. b4 f4
21. Bd2 Bd7 22. Qd1 Rg8 23. a4 Nd4 24. c5 dxc5 25. bxc5 Bxc5 26. Rxc5+ bxc5 27. a5 Bh3 28. g3 Nd6 29. Rc1 c4 30. Bxc4 Rg5
31. Be6+ Kd8 32. Bxh3 h5 33. Bxf4 exf4 34. Qxd4
1-0

[Event "Accelerated dragon assault!"]
[Site "SchemingMind.com"]
[Date "2008.03.06"]
[Round "-"]
[White "keen"]
[Black "BlueMooner"]
[Result "1/2-1/2"]
[WhiteCountry "SCO"]
[BlackCountry "ENG"]
[WhiteElo "1820"]
[WhiteRD "54"]
[BlackElo "1850"]
[BlackRD "86"]
[GameID "144682"]

1. e4 c5 2. Nf3 Nc6 3. d4 cxd4 4. Nxd4 g6 5. Nc3 Bg7 6. Be3 Nf6 7. Be2 O-O 8. Qd2 d5 9. exd5 Nxd5 10. Nxc6 bxc6
11. Nxd5 cxd5 12. c3 Bb7 13. f3 Qa5 14. O-O e5 15. Rfd1 f5 16. Bh6 Rad8 17. Bxg7 Kxg7 18. Qg5 Qb6+ 19. Kh1 Rd7 20. Rd2 h6
21. Qg3 Qe6 22. Rad1 Rfd8 23. h4 Bc6 24. Qf2 e4 25. Qd4+ Qf6 26. Qc5 Qxh4+ 27. Kg1 Qf6 28. Qd4 Kf7=
1/2-1/2

[Event "Accelerated dragon assault!"]
[Site "SchemingMind.com"]
[Date "2008.03.08"]
[Round "-"]
[White "Clive Everill"]
[Black "BlueMooner"]
[Result "0-1"]
[WhiteCountry "CZE"]
[BlackCountry "ENG"]
[WhiteElo "1669"]
[WhiteRD "47"]
[BlackElo "1814"]
[BlackRD "89"]
[GameID "144683"]

1. e4 c5 2. Nf3 Nc6 3. d4 cxd4 4. Nxd4 g6 5. Bc4 Bg7 6. Be3 Nf6 7. Nc3 O-O 8. f4 Nxe4 9. Nxe4 d5 10. Nxc6 bxc6
11. Bxd5 cxd5 12. Nc3 d4 13. Qf3 Rb8 14. O-O-O Qb6 15. Na4 Qb4 16. b3 Qa3+ 17. Kd2 dxe3+ 18. Kxe3 Bb7 19. Qg3 Qb4 20. c4 Bc6
21. h4 Bxa4 22. bxa4 Qa3+ 23. Kf2 Rb2+
0-1

[Event "Accelerated dragon assault!"]
[Site "SchemingMind.com"]
[Date "2008.03.06"]
[Round "-"]
[White "TRFz"]
[Black "BlueMooner"]
[Result "1/2-1/2"]
[WhiteCountry "GBR"]
[BlackCountry "ENG"]
[WhiteElo "2167"]
[WhiteRD "55"]
[BlackElo "1856"]
[BlackRD "77"]
[GameID "144684"]

1. e4 c5 2. Nf3 Nc6 3. d4 cxd4 4. Nxd4 g6 5. Nc3 Bg7 6. Be3 Nf6 7. Bc4 O-O 8. Bb3 a5 9. f3 d5 10. Bxd5 Nxd5
11. Nxd5 f5 12. Nxc6 bxc6 13. Nb6 Rb8 14. c3 fxe4 15. Qxd8 Rxd8 16. fxe4 Ba6 17. Na4 Rd3 18. Bd2=
1/2-1/2

[Event "Accelerated dragon assault!"]
[Site "SchemingMind.com"]
[Date "2008.03.06"]
[Round "-"]
[White "SLAINTIE MHATH"]
[Black "BlueMooner"]
[Result "0-1"]
[WhiteCountry "POL"]
[BlackCountry "ENG"]
[WhiteElo "1590"]
[WhiteRD "59"]
[BlackElo "1856"]
[BlackRD "77"]
[GameID "144685"]

1. e4 c5 2. Nf3 Nc6 3. d4 cxd4 4. Nxd4 g6 5. Bc4 Bg7 6. Nxc6 bxc6 7. Qf3 e6 8. O-O Ne7 9. c3 O-O 10. Bg5 d5
11. Rd1 Qc7 12. exd5 cxd5 13. Bd3 Bb7 14. Bxe7 Qxe7 15. Nd2 Rac8 16. Qe3 e5 17. Re1 f5 18. Rac1 Qc5 19. Qxc5 Rxc5 20. b4 Rc7
21. c4 e4 22. Bf1 Bh6 23. Red1 dxc4 24. Rxc4 Rfc8 25. Rxc7 Rxc7 26. Nb3 Bf8 27. Rd8 Kg7 28. Nd4 Be7 29. Ne6+ Kf6 30. Nxc7 Bxd8
31. Ne8+ Ke7 32. Bb5 Bd5 33. a4 Bf7 34. Kf1 Bxe8 35. Bxe8 Kxe8 36. Ke2 Bb6 37. a5 Bd4 38. b5 Kd7 39. f3 Kd6 40. h3 Kd5
41. b6 Bxb6 42. axb6 exf3+ 43. Kxf3 axb6 44. g4 fxg4+ 45. hxg4 Kd4 46. Kf4 b5 47. Kg5 b4 48. Kh6 b3 49. Kxh7 b2 50. Kxg6 b1=Q+
51. Kh5 Qh7+ 52. Kg5 Ke4 53. Kf6 Kf4 54. g5 Qf5+ 55. Kg7 Kxg5 56. Kg8 Kh6 57. Kh8 Qf8#
0-1

[Event "Accelerated dragon assault!"]
[Site "SchemingMind.com"]
[Date "2008.03.08"]
[Round "-"]
[White "Dr_Pat"]
[Black "keen"]
[Result "1-0"]
[WhiteCountry "USA"]
[BlackCountry "SCO"]
[WhiteElo "1903"]
[WhiteRD "53"]
[BlackElo "1755"]
[BlackRD "60"]
[GameID "145345"]

1. e4 c5 2. Nf3 Nc6 3. d4 cxd4 4. Nxd4 g6 5. Nc3 Bg7 6. Be3 e6 7. Ndb5 Be5 8. f4 Bxc3+ 9. Nxc3 a6 10. Be2 Nf6
11. e5 Ng8 12. Ne4 Nce7 13. Nd6+ Kf8 14. Qd3 Nh6 15. g4 Nd5 16. O-O-O Nxe3 17. Qxe3 Kg7 18. h4 Qa5 19. Kb1 b5 20. Rdg1 Rb8
21. f5 Ng8 22. f6+ Kf8 23. h5 b4 24. hxg6 fxg6 25. f7
1-0

[Event "Accelerated dragon assault!"]
[Site "SchemingMind.com"]
[Date "2008.03.13"]
[Round "-"]
[White "Dr_Pat"]
[Black "BlueMooner"]
[Result "1-0"]
[WhiteCountry "USA"]
[BlackCountry "ENG"]
[WhiteElo "1992"]
[WhiteRD "50"]
[BlackElo "1806"]
[BlackRD "84"]
[GameID "145346"]

1. e4 c5 2. Nf3 Nc6 3. d4 cxd4 4. Nxd4 g6 5. Nc3 Bg7 6. Be3 Nf6 7. Nxc6 bxc6 8. e5 Ng8 9. f4 f6 10. Bd4 Qa5
11. Qe2 fxe5 12. Bxe5 Nf6 13. O-O-O O-O 14. Bd4 c5 15. Qc4+ Kh8 16. Bxc5 d6 17. Bd4 Bb7 18. Qe6 Qf5 19. Qxe7 Qxf4+ 20. Kb1 Rab8
21. Nb5 Bxg2 22. Bxg2 Rxb5 23. Rhf1 Qe4 24. Bxe4
1-0

[Event "Accelerated dragon assault!"]
[Site "SchemingMind.com"]
[Date "2008.03.08"]
[Round "-"]
[White "Dr_Pat"]
[Black "Clive Everill"]
[Result "0-1"]
[WhiteCountry "USA"]
[BlackCountry "CZE"]
[WhiteElo "1825"]
[WhiteRD "51"]
[BlackElo "1680"]
[BlackRD "52"]
[GameID "145347"]

1. e4 c5 2. Nf3 Nc6 3. d4 cxd4 4. Nxd4 g6 5. Nc3 Nf6 6. Be3 a6 7. Bc4 d6 8. Nxc6 bxc6 9. e5 Ng4 10. exd6 Nxe3
11. fxe3 Qxd6 12. Qf3 Qf6 13. Qg3 Bg7 14. Rf1 Qe5 15. Bxf7+ Kd8 16. O-O-O+ Kc7 17. Qe1 e6 18. Qd2 Bh6 19. Rf4 Ra7 20. Re4 Qc5
21. Bxe6 Bxe6 22. Rxe6 Kb8 23. Qd6+ Qxd6 24. Rexd6 Bxe3+ 25. Kb1 Bf4 26. Rd8+ Rxd8 27. Rxd8+ Kc7 28. Rh8 Kb6 29. g3 Be5 30. Ne4 Bxh8
0-1

[Event "Accelerated dragon assault!"]
[Site "SchemingMind.com"]
[Date "2008.03.08"]
[Round "-"]
[White "Dr_Pat"]
[Black "TRFz"]
[Result "1/2-1/2"]
[WhiteCountry "USA"]
[BlackCountry "GBR"]
[WhiteElo "1825"]
[WhiteRD "51"]
[BlackElo "2049"]
[BlackRD "54"]
[GameID "145348"]

1. e4 c5 2. Nf3 Nc6 3. d4 cxd4 4. Nxd4 g6 5. Nc3 Bg7 6. Be3 Nf6 7. Nxc6 bxc6 8. e5 Nd5 9. Nxd5 cxd5 10. Qxd5 Rb8
11. Bc4 O-O 12. O-O Bb7 13. Qd4 d6 14. Qxa7 Qc8 15. Bb3 Bxe5 16. c3 Bxg2=
1/2-1/2

[Event "Accelerated dragon assault!"]
[Site "SchemingMind.com"]
[Date "2008.03.08"]
[Round "-"]
[White "keen"]
[Black "Dr_Pat"]
[Result "0-1"]
[WhiteCountry "SCO"]
[BlackCountry "USA"]
[WhiteElo "1708"]
[WhiteRD "61"]
[BlackElo "1825"]
[BlackRD "51"]
[GameID "145350"]

1. e4 c5 2. Nf3 Nc6 3. d4 cxd4 4. Nxd4 g6 5. Nc3 Bg7 6. Be3 d6 7. Bb5 Bd7 8. Qd2 Nf6 9. O-O-O O-O 10. Bh6 Nxd4
11. Bxg7 Kxg7 12. Qxd4 Bxb5 13. e5 dxe5 14. Qxe5 Bd7 15. Nd5 Qa5 16. a3 Bc6 17. f4 Bxd5 18. Rd4 Rac8 19. Rhd1 Rc5
0-1

[Event "Accelerated dragon assault!"]
[Site "SchemingMind.com"]
[Date "2008.03.13"]
[Round "-"]
[White "BlueMooner"]
[Black "Dr_Pat"]
[Result "1-0"]
[WhiteCountry "ENG"]
[BlackCountry "USA"]
[WhiteElo "1856"]
[WhiteRD "77"]
[BlackElo "1937"]
[BlackRD "51"]
[GameID "145351"]

1. e4 c5 2. Nf3 Nc6 3. d4 cxd4 4. Nxd4 g6 5. c4 Bg7 6. Be3 d6 7. Nc3 Nf6 8. f3 O-O 9. Be2 Nxd4 10. Bxd4 Be6
11. O-O Nd7 12. f4 Bxd4+ 13. Qxd4 Qb6 14. Qxb6 Nxb6 15. b3 Bd7 16. Nd5 Nxd5 17. exd5 Kg7 18. Rae1 Rae8 19. Bd3 Kf6 20. h3 h5
21. Kf2 h4 22. Ke3 Rc8 23. Kd4 Rc7 24. Re3 Bf5 25. g4 hxg3 26. Rxg3 Bxd3 27. Rxd3
1-0

[Event "Accelerated dragon assault!"]
[Site "SchemingMind.com"]
[Date "2008.03.08"]
[Round "-"]
[White "Clive Everill"]
[Black "Dr_Pat"]
[Result "0-1"]
[WhiteCountry "CZE"]
[BlackCountry "USA"]
[WhiteElo "1680"]
[WhiteRD "52"]
[BlackElo "1825"]
[BlackRD "51"]
[GameID "145352"]

1. e4 c5 2. Nf3 Nc6 3. d4 cxd4 4. Nxd4 g6 5. Bb5 Bg7 6. Be3 Nf6 7. Nc3 O-O 8. f4 Ng4 9. Qxg4 Nxd4 10. Bxd4 Bxd4
11. Qf3 Qb6 12. Qd3 Bxc3+ 13. bxc3 d6 14. a4 a6 15. Bc4 Bd7 16. Qd4 Qc7 17. O-O Rfc8 18. Bb3 Qxc3 19. Qxc3 Rxc3 20. f5 Rf8
21. Rf2 Kg7 22. Raf1 gxf5 23. exf5 Kf6 24. g4 Rg8 25. Rf4 h5 26. Kg2 Rxg4+ 27. Rxg4 hxg4 28. Bd5 Bc6 29. Bxc6 Rxc2+ 30. Kg3 Rxc6
31. Kxg4 Rc4+ 32. Kh5 Rxa4 33. h4 Kg7 34. Rg1+ Kh8 35. Re1 Ra5 36. Rxe7 Rxf5+ 37. Kh6 Rf6+ 38. Kg5 Kg7 39. h5 b5 40. Ra7 b4
41. Rxa6 b3 42. Rb6 Rf3 43. Rxd6 Rf1 44. h6+ Kg8 45. Rd2 Ra1 46. Rb2 Ra5+ 47. Kf6 Ra6+ 48. Kg5 Rb6 49. Kh5 Rb5+ 50. Kh4 Kh7
51. Kg4 Kxh6 52. Kf4 f5 53. Rh2+ Kg6 54. Rg2+ Kf6 55. Rb2 Ke6 56. Re2+ Kd5 57. Kxf5 b2
0-1

[Event "Accelerated dragon assault!"]
[Site "SchemingMind.com"]
[Date "2008.03.08"]
[Round "-"]
[White "TRFz"]
[Black "Dr_Pat"]
[Result "1/2-1/2"]
[WhiteCountry "GBR"]
[BlackCountry "USA"]
[WhiteElo "2083"]
[WhiteRD "55"]
[BlackElo "1903"]
[BlackRD "53"]
[GameID "145353"]

1. e4 c5 2. Nf3 Nc6 3. d4 cxd4 4. Nxd4 g6 5. Nc3 Bg7 6. Be3 d6 7. Bc4 Nf6 8. f3 O-O 9. Qd2 Bd7 10. O-O-O Rc8
11. Bb3 Ne5 12. Kb1 Nc4 13. Bxc4 Rxc4 14. Qd3 Qc8 15. g4 Be6 16. h4 Nd7 17. Qe2 Rxc3 18. bxc3 Qxc3 19. Qd2 Qa3 20. c3 Rc8
21. Qb2 Rxc3 22. Qxa3=
1/2-1/2

[Event "Accelerated dragon assault!"]
[Site "SchemingMind.com"]
[Date "2008.03.08"]
[Round "-"]
[White "SLAINTIE MHATH"]
[Black "Dr_Pat"]
[Result "0-1"]
[WhiteCountry "POL"]
[BlackCountry "USA"]
[WhiteElo "1591"]
[WhiteRD "45"]
[BlackElo "1825"]
[BlackRD "51"]
[GameID "145354"]

1. e4 c5 2. Nf3 Nc6 3. d4 cxd4 4. Nxd4 g6 5. Bc4 Qa5+ 6. c3 Bg7 7. O-O Nf6 8. Nb5 a6 9. b4 Qd8 10. Nd4 Nxe4
11. Qf3 d5 12. Nxc6 bxc6 13. Bb3 O-O 14. Nd2 Bxc3 15. Nxe4 Bxa1 16. Bh6 Bg7 17. Bxg7 Kxg7 18. Ng5 h6 19. Qc3+ d4 20. Qxc6 Bd7
21. Qd5 hxg5 22. Qxd4+ f6 23. f4 gxf4 24. Rxf4 e5 25. Qd6 exf4 26. Qxf4 Qb6+ 27. Kh1 Rfe8 28. Qd2 Rad8 29. Qc3 Qf2 30. h3 Bxh3
31. gxh3 Qf1+ 32. Kh2 Re2+ 33. Kg3 Qf2+ 34. Kg4 Re4#
0-1

[Event "Accelerated dragon assault!"]
[Site "SchemingMind.com"]
[Date "2008.03.10"]
[Round "-"]
[White "1tamad"]
[Black "keen"]
[Result "1-0"]
[WhiteCountry "USA"]
[BlackCountry "SCO"]
[WhiteElo "1769"]
[WhiteRD "65"]
[BlackElo "1796"]
[BlackRD "57"]
[GameID "145535"]

1. e4 c5 2. Nf3 Nc6 3. d4 cxd4 4. Nxd4 g6 5. Nc3 Bg7 6. Be3 Nf6 7. Bc4 O-O 8. O-O d6 9. a3 a6 10. Rb1 Bd7
11. f3 Rc8 12. Ba2 Qc7 13. Rc1 Ne5 14. Nce2 e6 15. Bf2 Rfd8 16. Kh1 Nc6 17. Qd2 h5 18. Rfd1 Kh7 19. Nf4 Nxd4 20. Bxd4 e5
21. Bxf7 exf4 22. Qxf4 d5 23. Qg5 Be8 24. Qxg6+ Kh8 25. Bxe8 Nxe8 26. Qxh5+ Kg8 27. exd5 Qd6 28. c4 Qh6 29. Qg4 Nc7 30. h4 Ne8
31. b4 Rc7 32. a4 Rxd5 33. Bxg7 Rxd1+ 34. Rxd1 Nxg7 35. Rd8+ Kh7 36. Qe4+ Qg6 37. Rh8+ Kxh8 38. Qxg6 Rxc4 39. Qb6 Rxh4+ 40. Kg1 Rc4
41. Qxb7 Rd4 42. a5 Rc4 43. b5 axb5 44. Qxb5 Rc1+ 45. Kh2
1-0

[Event "Accelerated dragon assault!"]
[Site "SchemingMind.com"]
[Date "2008.03.11"]
[Round "-"]
[White "1tamad"]
[Black "Dr_Pat"]
[Result "0-1"]
[WhiteCountry "USA"]
[BlackCountry "USA"]
[WhiteElo "1749"]
[WhiteRD "66"]
[BlackElo "1929"]
[BlackRD "48"]
[GameID "145536"]

1. e4 c5 2. Nf3 Nc6 3. d4 cxd4 4. Nxd4 g6 5. Nc3 Bg7 6. Nxc6 bxc6 7. Bd2 d6 8. Bc4 Nf6 9. O-O O-O 10. Kh1 d5
11. exd5 cxd5 12. Bb3 d4 13. Ne2 Ba6 14. Re1 Ne4 15. Bb4 Nxf2+
0-1